| 000 | 00575nam a2200217Ia 4500 | ||
|---|---|---|---|
| 003 | GCL | ||
| 008 | 140319s9999 xx 000 0 eng d | ||
| 040 |
_aGCL / _cGCL |
||
| 082 | 0 | 4 |
_aCC _b932.023 _bS L |
| 100 | 1 | _aSAUNERON, SERGE | |
| 245 | 1 | 0 |
_aLES ERMITAGES CHRESTIENS DU DESERT D'ESNA / _cSAUNERON, SERGE |
| 700 | 1 | _aJACQUET, JEAN | |
| 260 |
_a[S.N] : _bIFAO ، _c1972 |
||
| 650 | 0 | 4 | _aCERAMICS |
| 650 | 0 | 4 | _aCOPTIC ARCHAEOLOGY |
| 650 | 0 | 4 | _aANCIENT EGYPT |
| 650 | 0 | 4 | _aCHRISTIANITY |
| 650 | 0 | 4 | _aCERAMIC ARTS |
| 650 | 0 | 4 | _aEGYPT - CIVILIZATION |
| 942 |
_2ddc _cBK |
||
| 999 |
_c14548 _d14548 |
||